Movies Quiz

Random Movies or Song Quiz

Song Scenes in Movies Quiz Stats

 Plays Quiz Updated Aug 9, 2014

Support Sporcle.
Go Orange.
Score 0/26 Timer 08:00
2 Plays Today
% Correct
The Jungle Book
94.2%
Beauty and the Beast
94%
The Little Mermaid
93.5%
Annie
93%
Grease
91.7%
Les Misérables
87.8%
Judy Garland
86.9%
Chicago
85.4%
Hakuna Matata
84%
West Side Story
83.8%
A Whole New World
72.1%
Little Shop of Horrors
71%
My Favorite Things
67.1%
% Correct
Diamonds Are A Girl's Best Friend
63.6%
Sam
61%
Young Frankenstein
58.3%
The Music Man
52.6%
Guys and Dolls
50.2%
Old Time Rock and Roll
46.5%
Bert
42.8%
Gene Kelly
42.2%
Blame Canada
39%
Moon River
38.2%
The Candy Man
35.3%
Indiana Jones and the Temple of Doom
33%
Good Morning
29.1%

You're not logged in!

Compare scores with friends on all Sporcle quizzes.
OR
Log In

From the Vault

Complete the Lyrics: Elton John

by Sheldon

Yes, these songs are going to be stuck in your head for the rest of the day.
Remove Ads.
Support Sporcle.
Get the best of Sporcle when you Go Orange. This ad-free experience offers more features, more stats, and more fun while also helping to support Sporcle. Thank you for becoming a member.

Show Comments

Extras

Top Quizzes Today


Score Distribution

Your Account Isn't Verified!

In order to create a playlist on Sporcle, you need to verify the email address you used during registration. Go to your Sporcle Settings to finish the process.

Report this User

Report this user for behavior that violates our Community Guidelines.

Details: